| 000 | 00717nam a22002297a 4500 | ||
|---|---|---|---|
| 003 | BUBTL | ||
| 008 | 160126b xxu||||| |||| 00| 0 eng d | ||
| 020 | _a81-239-1448-2 | ||
| 082 |
_222 _a621.319/ H95e/ 2007 |
||
| 100 |
_9254 _aHusain, Ashfaq |
||
| 245 |
_aElectrical Power Systems / _c Ashfaq Husain |
||
| 250 | _a5th Edn. | ||
| 260 |
_aNew Delhi: _bCBS Publishers & Distributors Ptv. Ltd. _cc2007 |
||
| 300 |
_axxii, 694 p.: _bill.; _c23 cm |
||
| 500 | _aIncludes Index | ||
| 505 | _aElectrical Power Systems, Electrical, Power Systems, Ashfaq Husain | ||
| 650 | 0 |
_94295 _aElectrical and Electronic Engineering |
|
| 760 | _b5th | ||
| 856 |
_k0 _l0 _yDownload |
||
| 942 |
_2ddc _cBK |
||
| 999 |
_c5117 _d5117 |
||